| 000 | 00659nam a22002057a 4500 | ||
|---|---|---|---|
| 999 |
_c12694 _d12694 |
||
| 003 | AR-CdUCM | ||
| 008 | 190409b ||||| |||| 00| 0 spa d | ||
| 040 |
_aMUNICIPALIDAD PROVINCIAL DEL CUSCO _cBIBLIOTECA MUNICIPAL DEL CUSCO |
||
| 041 | _hpor | ||
| 082 |
_25ed. _aEP / 372.800 / _bL82 |
||
| 100 |
_aLobato, Monteiro _927161 |
||
| 245 | _aHistoria del Mundo para los Niños / | ||
| 260 |
_aBuenos Aires : _bLosada S. A. ; _c1957. |
||
| 300 |
_a203 páginas ; _bIlustraciones _c20cm |
||
| 505 | _aContenido: Novela | ||
| 650 |
_aNovela portuguesa _930690 |
||
| 700 |
_aSosa, M. de (traducción) _930691 |
||
| 942 |
_2ddc _cLIBROS |
||
| 945 |
_anom _d2019-04-09 |
||